INSTANT NOTES MICROBIOLOGY (Record no. 888)
[ view plain ]
| 000 -LEADER | |
|---|---|
| fixed length control field | 00326nam a2200133Ia 4500 |
| 008 - FIXED-LENGTH DATA ELEMENTS--GENERAL INFORMATION | |
| fixed length control field | 150201s2006 xx 000 0 und d |
| 082 ## - DEWEY DECIMAL CLASSIFICATION NUMBER | |
| Classification number | 612.015 |
| Item number | I06B |
| 100 ## - MAIN ENTRY--PERSONAL NAME | |
| Personal name | BAKER,SIMON |
| 245 ## - TITLE STATEMENT | |
| Title | INSTANT NOTES MICROBIOLOGY |
| 250 ## - EDITION STATEMENT | |
| Edition statement | 3RD |
| 260 ## - PUBLICATION, DISTRIBUTION, ETC. (IMPRINT) | |
| Name of publisher, distributor, etc. | TAYLORA FRANCIS |
| Place of publication, distribution, etc. | DELHI |
| Date of publication, distribution, etc. | 2006 |
| 650 ## - SUBJECT ADDED ENTRY--TOPICAL TERM | |
| Topical term or geographic name as entry element | MICROBIOLOGY |
| 942 ## - ADDED ENTRY ELEMENTS (KOHA) | |
| Source of classification or shelving scheme | Dewey Decimal Classification |
| Koha item type | Books |
| Koha issues (borrowed), all copies | 3 |
| Withdrawn status | Lost status | Source of classification or shelving scheme | Damaged status | Not for loan | Collection code | Home library | Current library | Shelving location | Date acquired | Source of acquisition | Cost, normal purchase price | SGTU | Bill Number | Total Checkouts | Full call number | Barcode | Date last seen | Bill Date | Koha item type | Date last checked out |
|---|---|---|---|---|---|---|---|---|---|---|---|---|---|---|---|---|---|---|---|---|
| Dewey Decimal Classification | MEDICAL | SGT Medical Library | SGT Medical Library | Text Book | 27/02/2010 | U.B.S. DELHI | 375.00 | SGTU | 1008 | 612.015 I06B | FM3563 | 09/02/2015 | 27/02/2010 | Books | ||||||
| Dewey Decimal Classification | MEDICAL | SGT Medical Library | SGT Medical Library | Text Book | 27/02/2010 | U.B.S. DELHI | 375.00 | SGTU | 1008 | 612.015 I06B | FM3564 | 09/02/2015 | 27/02/2010 | Books | ||||||
| Dewey Decimal Classification | MEDICAL | SGT Medical Library | SGT Medical Library | Text Book | 27/02/2010 | U.B.S. DELHI | 375.00 | SGTU | 1008 | 4 | 612.015 I06B | FM3565 | 31/03/2025 | 27/02/2010 | Books | 11/03/2025 |